000 00468nam a22001697a 4500
999 _c7493
_d7493
003 GBCCL
005 20241126110629.0
008 180816b ||||| |||| 00| 0 eng d
040 _cgbc
082 _a230
_bTUN
100 _aTungnung, Henkhothang
_99631
245 _aA hun hun a Pasian in amite a etkoldan/
_cHenkhothang Tungnung
260 _c2015.
_aChurachandpur:
_bZo Chrisrian Baptist Church,
300 _a87p.;
650 _aTheology
_9631
942 _2ddc
_cBK
_01